<?xml version="1.0" encoding="UTF-8"?>
<collection xmlns="http://www.loc.gov/MARC21/slim">
 <record>
  <leader>03980cam a2200889   4500</leader>
  <controlfield tag="001">1614085358</controlfield>
  <controlfield tag="003">DE-627</controlfield>
  <controlfield tag="005">20231017000134.0</controlfield>
  <controlfield tag="007">tu</controlfield>
  <controlfield tag="008">001114s2001    ne |||||      00| ||eng c</controlfield>
  <datafield tag="010" ind1=" " ind2=" ">
   <subfield code="a">   00040335 </subfield>
  </datafield>
  <datafield tag="015" ind1=" " ind2=" ">
   <subfield code="a">00,N29,0563</subfield>
   <subfield code="2">dnb</subfield>
  </datafield>
  <datafield tag="015" ind1=" " ind2=" ">
   <subfield code="a">01,A13,1705</subfield>
   <subfield code="2">dnb</subfield>
  </datafield>
  <datafield tag="016" ind1="7" ind2=" ">
   <subfield code="a">958964777</subfield>
   <subfield code="2">DE-101</subfield>
  </datafield>
  <datafield tag="020" ind1=" " ind2=" ">
   <subfield code="a">9004116389</subfield>
   <subfield code="c">(hard cover : alk. paper)</subfield>
   <subfield code="9">90-04-11638-9</subfield>
  </datafield>
  <datafield tag="035" ind1=" " ind2=" ">
   <subfield code="a">(DE-627)1614085358</subfield>
  </datafield>
  <datafield tag="035" ind1=" " ind2=" ">
   <subfield code="a">(DE-576)088142469</subfield>
  </datafield>
  <datafield tag="035" ind1=" " ind2=" ">
   <subfield code="a">(DE-599)BSZ088142469</subfield>
  </datafield>
  <datafield tag="035" ind1=" " ind2=" ">
   <subfield code="a">(OCoLC)247556148</subfield>
  </datafield>
  <datafield tag="035" ind1=" " ind2=" ">
   <subfield code="a">(OCoLC)44172869</subfield>
  </datafield>
  <datafield tag="035" ind1=" " ind2=" ">
   <subfield code="a">(AT-OBV)AC03133087</subfield>
  </datafield>
  <datafield tag="040" ind1=" " ind2=" ">
   <subfield code="a">DE-627</subfield>
   <subfield code="b">ger</subfield>
   <subfield code="c">DE-627</subfield>
   <subfield code="e">rda</subfield>
  </datafield>
  <datafield tag="041" ind1=" " ind2=" ">
   <subfield code="a">eng</subfield>
  </datafield>
  <datafield tag="044" ind1=" " ind2=" ">
   <subfield code="c">XA-NL</subfield>
   <subfield code="c">XD-US</subfield>
   <subfield code="c">XA-DE</subfield>
  </datafield>
  <datafield tag="050" ind1=" " ind2="0">
   <subfield code="a">NA5989.7.D34F59 2000</subfield>
  </datafield>
  <datafield tag="050" ind1=" " ind2="0">
   <subfield code="a">NA5989.7.D34</subfield>
  </datafield>
  <datafield tag="082" ind1="0" ind2=" ">
   <subfield code="a">726/.2/09569144</subfield>
  </datafield>
  <datafield tag="082" ind1="0" ind2="4">
   <subfield code="a">45</subfield>
   <subfield code="a">46</subfield>
  </datafield>
  <datafield tag="084" ind1=" " ind2=" ">
   <subfield code="a">45</subfield>
   <subfield code="a">46</subfield>
   <subfield code="2">sdnb</subfield>
  </datafield>
  <datafield tag="084" ind1=" " ind2=" ">
   <subfield code="a">0</subfield>
   <subfield code="2">ssgn</subfield>
  </datafield>
  <datafield tag="084" ind1=" " ind2=" ">
   <subfield code="a">0</subfield>
   <subfield code="a">6,23</subfield>
   <subfield code="2">ssgn</subfield>
  </datafield>
  <datafield tag="084" ind1=" " ind2=" ">
   <subfield code="a">EH 5500</subfield>
   <subfield code="q">BVB</subfield>
   <subfield code="2">rvk</subfield>
   <subfield code="0">(DE-625)rvk/23781:</subfield>
  </datafield>
  <datafield tag="084" ind1=" " ind2=" ">
   <subfield code="a">LO 87170</subfield>
   <subfield code="q">BVB</subfield>
   <subfield code="2">rvk</subfield>
   <subfield code="0">(DE-625)rvk/104867:</subfield>
  </datafield>
  <datafield tag="084" ind1=" " ind2=" ">
   <subfield code="a">21.70</subfield>
   <subfield code="2">bkl</subfield>
  </datafield>
  <datafield tag="084" ind1=" " ind2=" ">
   <subfield code="a">20.50</subfield>
   <subfield code="2">bkl</subfield>
  </datafield>
  <datafield tag="090" ind1=" " ind2=" ">
   <subfield code="a">a</subfield>
  </datafield>
  <datafield tag="100" ind1="1" ind2=" ">
   <subfield code="a">Flood, Finbarr Barry</subfield>
   <subfield code="d">1965-</subfield>
   <subfield code="e">VerfasserIn</subfield>
   <subfield code="0">(DE-588)1139791419</subfield>
   <subfield code="0">(DE-627)89767166X</subfield>
   <subfield code="0">(DE-576)493463526</subfield>
   <subfield code="4">aut</subfield>
  </datafield>
  <datafield tag="245" ind1="1" ind2="4">
   <subfield code="a">The Great Mosque of Damascus</subfield>
   <subfield code="b">studies on the makings of an Umayyad visual culture</subfield>
   <subfield code="c">by Finbarr Barry Flood</subfield>
  </datafield>
  <datafield tag="264" ind1=" " ind2="1">
   <subfield code="a">Leiden</subfield>
   <subfield code="a">Köln</subfield>
   <subfield code="b">Brill</subfield>
   <subfield code="c">2001</subfield>
  </datafield>
  <datafield tag="300" ind1=" " ind2=" ">
   <subfield code="a">XX, 330 Seiten, [68 ungezählte Seiten]</subfield>
   <subfield code="b">Illustrationen</subfield>
  </datafield>
  <datafield tag="336" ind1=" " ind2=" ">
   <subfield code="a">Text</subfield>
   <subfield code="b">txt</subfield>
   <subfield code="2">rdacontent</subfield>
  </datafield>
  <datafield tag="337" ind1=" " ind2=" ">
   <subfield code="a">ohne Hilfsmittel zu benutzen</subfield>
   <subfield code="b">n</subfield>
   <subfield code="2">rdamedia</subfield>
  </datafield>
  <datafield tag="338" ind1=" " ind2=" ">
   <subfield code="a">Band</subfield>
   <subfield code="b">nc</subfield>
   <subfield code="2">rdacarrier</subfield>
  </datafield>
  <datafield tag="490" ind1="1" ind2=" ">
   <subfield code="a">Islamic history and civilization</subfield>
   <subfield code="v">33</subfield>
  </datafield>
  <datafield tag="500" ind1=" " ind2=" ">
   <subfield code="a">Includes bibliographical references and index</subfield>
  </datafield>
  <datafield tag="583" ind1="1" ind2=" ">
   <subfield code="a">Archivierung/Langzeitarchivierung gewährleistet</subfield>
   <subfield code="f">SSG</subfield>
   <subfield code="2">pdager</subfield>
   <subfield code="5">DE-21</subfield>
  </datafield>
  <datafield tag="610" ind1="2" ind2="0">
   <subfield code="a">Jāmiʿ al-Umawī al-Kabīr Damascus, Syria</subfield>
  </datafield>
  <datafield tag="610" ind1="1" ind2="0">
   <subfield code="a">Jāmiʻ al-Umawī al-Kabīr (Damascus, Syria)</subfield>
  </datafield>
  <datafield tag="650" ind1=" " ind2="0">
   <subfield code="a">Architecture, Medieval</subfield>
   <subfield code="x">Syria</subfield>
   <subfield code="x">Damascus</subfield>
  </datafield>
  <datafield tag="650" ind1=" " ind2="0">
   <subfield code="a">Architecture, Islamic</subfield>
   <subfield code="x">Syria</subfield>
   <subfield code="x">Damascus</subfield>
  </datafield>
  <datafield tag="650" ind1=" " ind2="0">
   <subfield code="a">Architecture, Medieval</subfield>
   <subfield code="z">Syria</subfield>
   <subfield code="z">Damascus</subfield>
  </datafield>
  <datafield tag="650" ind1=" " ind2="0">
   <subfield code="a">Islamic architecture</subfield>
   <subfield code="z">Syria</subfield>
   <subfield code="z">Damascus</subfield>
  </datafield>
  <datafield tag="651" ind1=" " ind2="0">
   <subfield code="a">Damascus (Syria)</subfield>
   <subfield code="x">Buildings, structures, etc</subfield>
  </datafield>
  <datafield tag="651" ind1=" " ind2="0">
   <subfield code="a">Damascus (Syria)</subfield>
   <subfield code="x">Buildings, structures, etc</subfield>
  </datafield>
  <datafield tag="689" ind1="0" ind2="0">
   <subfield code="d">g</subfield>
   <subfield code="0">(DE-588)4212345-8</subfield>
   <subfield code="0">(DE-627)105081485</subfield>
   <subfield code="0">(DE-576)210208902</subfield>
   <subfield code="a">Große Moschee Damaskus</subfield>
   <subfield code="g">Damaskus</subfield>
   <subfield code="2">gnd</subfield>
  </datafield>
  <datafield tag="689" ind1="0" ind2=" ">
   <subfield code="5">DE-101</subfield>
  </datafield>
  <datafield tag="689" ind1="1" ind2="0">
   <subfield code="d">g</subfield>
   <subfield code="0">(DE-588)4212345-8</subfield>
   <subfield code="0">(DE-627)105081485</subfield>
   <subfield code="0">(DE-576)210208902</subfield>
   <subfield code="a">Große Moschee Damaskus</subfield>
   <subfield code="g">Damaskus</subfield>
   <subfield code="2">gnd</subfield>
  </datafield>
  <datafield tag="689" ind1="1" ind2=" ">
   <subfield code="5">(DE-627)</subfield>
  </datafield>
  <datafield tag="689" ind1="2" ind2="0">
   <subfield code="d">g</subfield>
   <subfield code="0">(DE-588)4212345-8</subfield>
   <subfield code="0">(DE-627)105081485</subfield>
   <subfield code="0">(DE-576)210208902</subfield>
   <subfield code="a">Große Moschee Damaskus</subfield>
   <subfield code="g">Damaskus</subfield>
   <subfield code="2">gnd</subfield>
  </datafield>
  <datafield tag="689" ind1="2" ind2="1">
   <subfield code="a">z</subfield>
   <subfield code="2">gnd</subfield>
   <subfield code="a">Geschichte 661-750</subfield>
  </datafield>
  <datafield tag="689" ind1="2" ind2=" ">
   <subfield code="5">(DE-627)</subfield>
  </datafield>
  <datafield tag="787" ind1="0" ind2="8">
   <subfield code="i">Rezensiert in</subfield>
   <subfield code="a">Korn, Lorenz, 1966 - </subfield>
   <subfield code="t">[Rezension von: The Great Mosque of Damascus]</subfield>
   <subfield code="d">2003</subfield>
   <subfield code="w">(DE-627)1539368491</subfield>
   <subfield code="w">(DE-576)469368497</subfield>
  </datafield>
  <datafield tag="830" ind1=" " ind2="0">
   <subfield code="a">Islamic history and civilization</subfield>
   <subfield code="v">33</subfield>
   <subfield code="9">33</subfield>
   <subfield code="w">(DE-627)247583766</subfield>
   <subfield code="w">(DE-576)038227614</subfield>
   <subfield code="w">(DE-600)1439772-9</subfield>
   <subfield code="x">0929-2403</subfield>
   <subfield code="7">ns</subfield>
  </datafield>
  <datafield tag="889" ind1=" " ind2=" ">
   <subfield code="w">(DE-627)316076775</subfield>
  </datafield>
  <datafield tag="935" ind1=" " ind2=" ">
   <subfield code="i">mdedup</subfield>
  </datafield>
  <datafield tag="935" ind1=" " ind2=" ">
   <subfield code="i">sf</subfield>
  </datafield>
  <datafield tag="936" ind1="r" ind2="v">
   <subfield code="a">EH 5500</subfield>
   <subfield code="b">Kunstgeschichte</subfield>
   <subfield code="k">Altaische Sprachen</subfield>
   <subfield code="k">Turksprachen (Türksprachen) (Turkologie)</subfield>
   <subfield code="k">Türkisch im engeren Sinne (Türkeitürkisch, Osmanisch) (einschließl. der türkischen Dialekte in Südosteuropa und Gagausisch)</subfield>
   <subfield code="k">Realien (zu Türkisch im engeren Sinn)</subfield>
   <subfield code="k">Kunstgeschichte</subfield>
   <subfield code="0">(DE-627)1271596016</subfield>
   <subfield code="0">(DE-625)rvk/23781:</subfield>
   <subfield code="0">(DE-576)201596016</subfield>
  </datafield>
  <datafield tag="936" ind1="r" ind2="v">
   <subfield code="a">LO 87170</subfield>
   <subfield code="b">Damaskus</subfield>
   <subfield code="k">Kunst nach Ländern bzw. Kontinenten</subfield>
   <subfield code="k">Asien und Vorderer Orient</subfield>
   <subfield code="k">Kunstgeschichte Syriens</subfield>
   <subfield code="k">Orte Syriens</subfield>
   <subfield code="k">Damaskus</subfield>
   <subfield code="0">(DE-627)1271254603</subfield>
   <subfield code="0">(DE-625)rvk/104867:</subfield>
   <subfield code="0">(DE-576)201254603</subfield>
  </datafield>
  <datafield tag="936" ind1="b" ind2="k">
   <subfield code="a">21.70</subfield>
   <subfield code="j">Geschichte der Sakralbaukunst</subfield>
   <subfield code="0">(DE-627)106421255</subfield>
  </datafield>
  <datafield tag="936" ind1="b" ind2="k">
   <subfield code="a">20.50</subfield>
   <subfield code="j">Islamische Kunst</subfield>
   <subfield code="0">(DE-627)106406825</subfield>
  </datafield>
  <datafield tag="951" ind1=" " ind2=" ">
   <subfield code="a">BO</subfield>
  </datafield>
  <datafield tag="990" ind1=" " ind2=" ">
   <subfield code="a">Große Moschee Damaskus</subfield>
  </datafield>
  <datafield tag="990" ind1=" " ind2=" ">
   <subfield code="a">Große Moschee Damaskus</subfield>
  </datafield>
  <datafield tag="990" ind1=" " ind2=" ">
   <subfield code="a">Große Moschee Damaskus</subfield>
  </datafield>
  <datafield tag="990" ind1=" " ind2=" ">
   <subfield code="a">Geschichte 661-750</subfield>
  </datafield>
  <datafield tag="991" ind1=" " ind2=" ">
   <subfield code="a">Rezensiertes Werk</subfield>
  </datafield>
  <datafield tag="999" ind1=" " ind2=" ">
   <subfield code="a">KXP-PPN1614085358</subfield>
   <subfield code="e">4098419661</subfield>
  </datafield>
 </record>
</collection>
